Phineas and Ferb Quotes Quiz - Statistics

General Stats
  • This quiz has been taken 30 times
  • The average score is 11 of 20
Answer Stats
Said by Quote Answer % Correct
Ferb Definitely the giant floating ____ head. Baby
92%
Linda I'll be in the dairy section if you want to come yell at some _____. Cheese
85%
Phineas Nothing says 'mother's love' like a gigantic robotic ________ butt. Platypus
85%
Candace Am I sweating ____?! Milk
81%
Linda It looks a little like a rhesus monkey wearing a ________ wig. Powdered
73%
Candace I'm calling Mom... and I am not using the ______ this time! Banana
69%
Candace I just discovered why cows and frogs don't ____. Date
54%
random person Run for your lives! It's _____-a-geddon! Gnome
54%
Buford I wanna ____ around! ...like men. Float
50%
Candace Gotta go, Stacy. Good luck with that ____ legislation! Llama
46%
Phineas Dad, you might want to wipe the _____ off your face. Queen
46%
Isabella ________ is the most underrated of all the -nesses. Stickiness
46%
Phineas Lawn Gnome _____ Party of Taffeta... make a note of that. Beach
42%
Phineas What, you think we should have *more* _______ folk-related elements? Bulgarian
42%
Buford I am to metaphor-cheese as metaphor-cheese is to transitive-verb _______. Crackers
42%
Stacy Oh, *no*! You did *not* just tell me to '_____'. Hench
42%
Baljeet I, too, feel a certain element of _____-ism. Kebab
38%
Candace Why am I wearing a _____ on my head? Turtle
35%
Buford I knew I should have gotten a down payment on the _______. Elephant
27%
Dr. Doofenshmirtz Oh, Vanessa! Thank goodness you're here! A platypus has tied me up in my own _____! Pants
27%
No matching quizzes found
Score Distribution
Percent of People with Each Score
Percentile by Number Answered
Your Score History
You have not taken this quiz